Normal view
MARC view
- اللغة العربية-التصريف-تصريف الأفعال
Entry Topical Term
001 - CONTROL NUMBER
- control field: 16042
003 - CONTROL NUMBER IDENTIFIER
- control field: JO-AjAnu
005 - DATE AND TIME OF LATEST TRANSACTION
- control field: 20230606072846.0
008 - FIXED-LENGTH DATA ELEMENTS
- fixed length control field: 230606|| aca||aabn | a|a d
040 ## - CATALOGING SOURCE
- Original cataloging agency: JO-AjAnu
- Transcribing agency: JO-AjAnu
150 ## - HEADING--TOPICAL TERM
- Topical term or geographic name entry element: اللغة العربية-التصريف-تصريف الأفعال
670 ## - SOURCE DATA FOUND
- Source citation: Work cat.: (JO-AjAnu)8235: تأليف عبدالحميد، محمد محي الدين, author 16041, دروس التصريف: القسم الأول في المقدمات،وتصريف الأفعال